Syntéza amfifilných zlúčenín na báze hydrofóbnych organických látok a ich biologická charakterizácia so zameraním na cytotoxicitu
Salvato in:
| Autore principale: | |
|---|---|
| Altri autori: | |
| Natura: | Manoscritto Libro |
| Lingua: | slovacco |
| Pubblicazione: |
2025
|
| Soggetti: | |
| Accesso online: | http://is.stuba.sk/zp/portal_zp.pl?podrobnosti=183705 |
| Tags: |
Nessun Tag, puoi essere il primo ad aggiungerne!!
|
MARC
| LEADER | 00000ntm a22000003a 4500 | ||
|---|---|---|---|
| 001 | stuzp105218 | ||
| 003 | SK-STU | ||
| 005 | 20250607211314.7 | ||
| 007 | ta | ||
| 008 | 150427s2015----xo-----f-mn---000-0-slo-d | ||
| 040 | |a STU |b slo | ||
| 041 | 0 | |a slo | |
| 100 | 1 | |a Košťálová, Nina |u 048140 |4 aut |U FCHPT Ústav organickej chémie, katalýzy a petrochémie |T FCHPT Oddelenie organickej chémie |X 110556 |U C8140 |Y 124 |7 110556 | |
| 242 | 0 | 1 | |a Synthesis of Amphiphilic Compounds Based on Hydrophobic Organic Substances and Their Biological Characterization with a Focus on Cytotoxicity |y eng |
| 245 | 1 | 0 | |a Syntéza amfifilných zlúčenín na báze hydrofóbnych organických látok a ich biologická charakterizácia so zameraním na cytotoxicitu |
| 260 | |c 2025 | ||
| 650 | 4 | |a fluorine chemistry |2 eng | |
| 650 | 4 | |a cancer |2 eng | |
| 650 | 4 | |a amphiphiles |2 eng | |
| 650 | 4 | |a solubility |2 eng | |
| 650 | 4 | |a fluórová chémia |2 slo | |
| 650 | 4 | |a rakovina |2 slo | |
| 650 | 4 | |a amfifily |2 slo | |
| 650 | 4 | |a rozpustnosť |2 slo | |
| 700 | 1 | |a Bortňák, Dušan |u 048140 |k Z1 |4 ths |U FCHPT Ústav organickej chémie, katalýzy a petrochémie |T FCHPT Oddelenie organickej chémie |X 42446 |U C8140 |Y 124 |7 42446 | |
| 856 | 4 | |u http://is.stuba.sk/zp/portal_zp.pl?podrobnosti=183705 | |